<?xml version="1.0" encoding="UTF-8"?>
<record
    xmlns:xsi="http://www.w3.org/2001/XMLSchema-instance"
    xsi:schemaLocation="http://www.loc.gov/MARC21/slim http://www.loc.gov/standards/marcxml/schema/MARC21slim.xsd"
    xmlns="http://www.loc.gov/MARC21/slim">

  <leader>01573nam a22002537a 4500</leader>
  <controlfield tag="008">240212t20012005ck     gr     000 0 spa d</controlfield>
  <datafield tag="020" ind1=" " ind2=" ">
    <subfield code="a">9789587043358</subfield>
  </datafield>
  <datafield tag="037" ind1=" " ind2=" ">
    <subfield code="3">Donaci&#xF3;n</subfield>
  </datafield>
  <datafield tag="040" ind1=" " ind2=" ">
    <subfield code="a">CO-JMCR</subfield>
    <subfield code="c">CO-JMCR</subfield>
    <subfield code="d">CO-JMCR</subfield>
    <subfield code="e">rda</subfield>
  </datafield>
  <datafield tag="041" ind1=" " ind2=" ">
    <subfield code="a">spa</subfield>
  </datafield>
  <datafield tag="082" ind1=" " ind2=" ">
    <subfield code="2">23</subfield>
    <subfield code="a">301.158</subfield>
    <subfield code="b">M71a</subfield>
  </datafield>
  <datafield tag="100" ind1=" " ind2=" ">
    <subfield code="a">Molano, Alfredo, </subfield>
    <subfield code="e">autor</subfield>
    <subfield code="9">42083</subfield>
  </datafield>
  <datafield tag="245" ind1=" " ind2=" ">
    <subfield code="a">Aguas arriba :</subfield>
    <subfield code="b">entre la coca y el oro /</subfield>
    <subfield code="c">Alfredo Molano</subfield>
  </datafield>
  <datafield tag="264" ind1=" " ind2=" ">
    <subfield code="a">Bogot&#xE1; : </subfield>
    <subfield code="b">El Ancora Editores ,  </subfield>
    <subfield code="c">&#xA9;2005</subfield>
  </datafield>
  <datafield tag="300" ind1=" " ind2=" ">
    <subfield code="a">227 p&#xE1;ginas ; </subfield>
    <subfield code="c">17 cm. </subfield>
  </datafield>
  <datafield tag="500" ind1=" " ind2=" ">
    <subfield code="a">Incluye glosario -- mapa de Vichada y Guain&#xED;a</subfield>
  </datafield>
  <datafield tag="505" ind1=" " ind2=" ">
    <subfield code="a">1. Chispas, el cabo -- 2. Mauricio -- 3. La Gata -- 4. El Joyero</subfield>
  </datafield>
  <datafield tag="520" ind1=" " ind2=" ">
    <subfield code="a">"No muy lejanas a las aventuras y desventuras de los viajeros espa&#xF1;oles del siglo XVI los territorios agrestes y la sed de oro no han variado un &#xE1;pice, estas cr&#xF3;nicas escritas por Molano a partir del testimonio de los propios protagonistas y de su experiencia en tierras de colonos, resultan tan apasionantes como desgarradoras. Con una pluma &#xE1;gil y brillante, Molano nos adentra en tierras rec&#xF3;nditas, en un mundo en buena parte sin Estado, sin sistemas judiciales definidos, donde las normas de convivencia se imponen ya sea espont&#xE1;neamente o por la fuerza. Un mundo duro, donde sobrevivir no es una tarea sencilla".</subfield>
  </datafield>
  <datafield tag="650" ind1=" " ind2=" ">
    <subfield code="z">Guain&#xED;a (Colombia)</subfield>
    <subfield code="9">43357</subfield>
  </datafield>
  <datafield tag="650" ind1=" " ind2=" ">
    <subfield code="z">Guain&#xED;a (Colombia)</subfield>
    <subfield code="9">43358</subfield>
  </datafield>
  <datafield tag="650" ind1=" " ind2=" ">
    <subfield code="z">Guain&#xED;a (Colombia)</subfield>
    <subfield code="9">43359</subfield>
  </datafield>
  <datafield tag="700" ind1=" " ind2=" ">
    <subfield code="a">Melo, Jorge Orlando, </subfield>
    <subfield code="9">11481</subfield>
  </datafield>
  <datafield tag="999" ind1=" " ind2=" ">
    <subfield code="c">30558</subfield>
    <subfield code="d">16942</subfield>
  </datafield>
  <datafield tag="952" ind1=" " ind2=" ">
    <subfield code="0">0</subfield>
    <subfield code="1">0</subfield>
    <subfield code="4">0</subfield>
    <subfield code="7">0</subfield>
    <subfield code="a">CPL</subfield>
    <subfield code="b">CPL</subfield>
    <subfield code="c">GEN</subfield>
    <subfield code="d">2022-02-23</subfield>
    <subfield code="e">Donaci&#xF3;n</subfield>
    <subfield code="l">1</subfield>
    <subfield code="o">301.158 M71a</subfield>
    <subfield code="p">201811482</subfield>
    <subfield code="r">2024-07-22 15:53:39</subfield>
    <subfield code="s">2024-07-22</subfield>
    <subfield code="t">Ej.1</subfield>
    <subfield code="w">2024-02-12</subfield>
    <subfield code="y">BK</subfield>
  </datafield>
</record>
